000
00295nam a22001337a 4500
008
190225b xxu||||| |||| 00| 0 eng d
020
_a
9780395432204
041
_a
eng
080
_2
10th
_a
371
100
_a
25
101
_a
EDU
245
_a
Writing with a Purpose
_c
Trimmer
942
_2
udc
_c
BK
999
_c
54249
_d
54249